000 02017nam0a2200337 i 4500
001 RU\NLR\BIBL_A\011096730
005 20240922013635.0
010 _a9785906802392
_9216
021 _aRU
_b2016-20075
_91275
035 _a(NILC)RuMoRGB-008244248
035 _a(NLR Aleph) 011096730
090 _a11396125
_c11396125
100 _a20160405d2015 u y0rusy50 ca
101 0 _arus
102 _aRU
105 _aa|||j||||||y|
200 1 _aЦереброваскулярные болезни
_e(этиология, патогенез, патологическая анатомия, правила формулировки диагноза)
_eучебное пособие
_fВ. В. Филатов
_gГос. бюджетное образовательное учреждение высш. проф. образования "Российский нац. исследовательский мед. ун-т им. Н. И. Пирогова" М-ва здравоохранения Российской Федерации, Каф. патологической анатомии и клинической патологической анатомии педиатрического фак.
210 _aМосква
_cОнто-Принт
_d2015
215 _a116 с.
_cил., табл.
_d20
320 _aБиблиогр.: с. 115-116
606 1 _aКровеносные сосуды головного мозга
_jУчебные издания
_xБолезни
_xЭтиология и патогенез
_92278842
_3RU\NLR\AUTH\6601593839
606 1 _aКровеносные сосуды головного мозга
_jУчебные издания
_xБолезни
_xПатологическая анатомия
_92278843
_3RU\NLR\AUTH\6601593840
675 _a616.8
686 1 _aР627.703-1я7
686 1 _aР627.703-2я7
700 1 _aФилатов
_bВ. В.
_gВладимир Васильевич
801 0 _aRU
_bРГБ
_c20160315
_gRCR
942 _cBOOK
980 _aNBR